ঢ়
ক্ষ
ড়
ঢ়
য়
র-ফলা‌‌‌
 
 
য-ফলা
ি
 
 
রেফ
 
 
 
যুক্ত করুন/হসন্ত
Space
Enter

ব্যবহারিক পদার্থ বিজ্ঞান / (Record no. 4508)

000 -LEADER
fixed length control field 00722nam a22001817a 4500
001 - CONTROL NUMBER
control field 536
003 - CONTROL NUMBER IDENTIFIER
control field BD-DhUAP
005 - DATE AND TIME OF LATEST TRANSACTION
control field 20201112104222.0
008 - FIXED-LENGTH DATA ELEMENTS--GENERAL INFORMATION
fixed length control field 201112s1989 bg a|||| |||| 00| 0 ben d
040 ## - CATALOGING SOURCE
Original cataloging agency BD-DhUAP
Language of cataloging Ben
Transcribing agency BD-DhUAP
Modifying agency BD-DhUAP
082 ## - DEWEY DECIMAL CLASSIFICATION NUMBER
Edition number 23
Classification number 530 CHO
100 ## - MAIN ENTRY--PERSONAL NAME
Personal name চৌধুরী, ছদরুদ্দিন আহমদ।
245 ## - TITLE STATEMENT
Title ব্যবহারিক পদার্থ বিজ্ঞান /
Statement of responsibility, etc. ছদরুদ্দিন আহমদ চৌধুরী।
260 ## - PUBLICATION, DISTRIBUTION, ETC.
Place of publication, distribution, etc. ঢাকা :
Name of publisher, distributor, etc. বাংলা একাডেমী,
Date of publication, distribution, etc. ১৯৮৯।
300 ## - PHYSICAL DESCRIPTION
Extent [১১], ৫৭১ পৃষ্ঠা :
Other physical details চিত্র ;
Dimensions ২১ সেমি.।
650 ## - SUBJECT ADDED ENTRY--TOPICAL TERM
Topical term or geographic name entry element Physics.
942 ## - ADDED ENTRY ELEMENTS (KOHA)
Source of classification or shelving scheme
Koha item type Book
Holdings
Withdrawn status Lost status Source of classification or shelving scheme Damaged status Not for loan Permanent Location Current Location Shelving location Date acquired Full call number Barcode Date last seen Copy number Price effective from Koha item type
          UAP Central Library UAP Central Library General Stacks 2020-11-12 530 CHO 3010000536 2020-11-12 1 2020-11-12 Book

All rights reserved © UAP Central Library,
University of Asia Pacific.